00853 2200265 4500001002100000005001700021008004100038035002500079040001200104082001000116084001800126090001800144245017700162260002800339300003900367500004900406650002700455700001600482700001600498700001200514700001100526700002000537700001800557850001200575INLIS00000000000203020150217110909.0  a0010-021500000000297 aYOPDYOG a363.7 aCoE 363.7 Exp aCoE 363.7 Exp aEXPEDITION : Spirit Wediombo [rekaman video]c/ penanggung jawab Andy F Noya ; editor, A.AM Kamal, Cahyo 8, Irawan ; penulis naskah Moriza Prananda ; produser John Donbosko aJakartabMetro TVc2007 aDVDb: digital, stereoc; 4 3/4 in aProgram Metro TV ; tanggal tayang 19/01/2007 aLingkungan-Pelestarian aAndy F Noya aKamal, A.AM aCahyo 8 aIrawan aMoriza Prananda aJohn Donbosko aYOPDYOG